Visión histórica del Perú, del paleolítico al proceso de 1968
Uloženo v:
| Hlavní autor: | |
|---|---|
| Médium: | Kniha |
| Jazyk: | španělština |
| Vydáno: |
Lima
Milla Batres
1978
|
| Edice: | El Andes y la Vida
|
| Témata: | |
| Tagy: |
Přidat tag
Žádné tagy, Buďte první, kdo vytvoří štítek k tomuto záznamu!
|
MARC
| LEADER | 00000nam a2200000 a 4500 | ||
|---|---|---|---|
| 001 | UCS2587 | ||
| 003 | CL-VaPUC | ||
| 008 | 970604e19780000PE |||||||||||||||||spa|d | ||
| 082 | 0 | 4 | |a 985 |b MAC |2 21 |
| 100 | |a Macera, Pablo |e autor |9 388190 | ||
| 245 | 1 | 0 | |a Visión histórica del Perú, del paleolítico al proceso de 1968 |
| 300 | |a 272 p | ||
| 942 | |c BK | ||
| 945 | |d 19970604 00:00:00 |a paguirre | ||
| 260 | |a Lima |b Milla Batres |c 1978 | ||
| 650 | 0 | |a Historia |9 255047 | |
| 650 | 7 | |a REVOLUCIONES POLITICAS |2 CL-VaPUC |9 388191 | |
| 650 | 7 | |a SISTEMAS POLITICOS |2 CL-VaPUC |9 388192 | |
| 650 | 0 | |a Problemas sociales |9 258537 | |
| 650 | 0 | |a Cultura |9 269059 | |
| 651 | 0 | |a Perú |9 256567 | |
| 651 | 0 | |a América Latina |9 255027 | |
| 583 | |a last modification |c 19970604 00:00:00 |k Rodrigo Vera | ||
| 490 | 0 | |a El Andes y la Vida | |
| 999 | |c 260532 |d 260530 | ||
| 952 | |0 0 |1 0 |4 0 |6 985_000000000000000_MAC_1978 |7 0 |8 P |9 286720 |a BIBDER |b BIBDER |d 2019-11-19 |i 1861506 |o 985 MAC 1978 |p 1861506 |r 2023-01-25 |w 2019-11-19 |y BK |k DER | ||